[Event "Saarland-ch MB 89th"]
[Site "Stennweiler"]
[Date "2014.04.17"]
[Round "7"]
[White "Vogel, Joerg"]
[Black "Gietzen, Daniel"]
[Result "1/2-1/2"]
[WhiteElo "2040"]
[BlackElo "1873"]
[PlyCount "158"]
[EventDate "2014.04.11"]
[EventType "swiss"]
[EventRounds "9"]
[EventCountry "GER"]
[SourceTitle "EXT 2016"]
[Source "ChessBase"]
[SourceDate "2015.10.08"]
[SourceVersion "1"]
[SourceVersionDate "2015.10.08"]
[SourceQuality "1"]

1. d4 Nf6 2. c4 e6 3. Nc3 Bb4 4. f3 Bxc3+ 5. bxc3 d5 6. Ba3 Nbd7 7. e3 b6 8. cxd5 Nxd5 9. Qd2 c5 10. e4 Ne7 11. Bd3 0-0 12. Ne2 Bb7 13. 0-0 Rc8 14. Rae1 Re8 15. Ng3 c4 16. Bb1 Nc5 17. Qe3 Nd3 18. Bxd3 cxd3 19. Qxd3 Qd7 20. Rc1 Qa4 21. c4 Ba6 22. Qb3 Rxc4 23. Rxc4 Qxc4 24. Qxc4 Bxc4 25. Rc1 b5 26. Bc5 a6 27. a3 Nc6 28. Kf2 Na5 29. Bb4 Nb3 30. Rd1 Rd8 31. Ke3 f6 32. f4 Kf7 33. Nh1 f5 34. Nf2 fxe4 35. Nxe4 Bd5 36. Ng5+ Kg6 37. g4 h6 38. Ne4 Rc8 39. h4 Rc2 40. h5+ Kf7 41. Nf2 Nc1 42. Rd2 Rc4 43. Rb2 Rc7 44. g5 Nb3 45. Nd3 a5 46. Ne5+ Kg8 47. Bd2 a4 48. Ng4 hxg5 49. fxg5 Rf7 50. h6 Rf3+ 51. Ke2 Nxd4+ 52. Ke1 Rg3 53. Ne5 Rg1+ 54. Kf2 Rg2+ 55. Kf1 Re2 56. Bc3 Rxe5 57. Bxd4 Rxg5 58. hxg7 e5 59. Bc5 Kxg7 60. Rf2 Kg6 61. Be7 Rf5 62. Rxf5 Kxf5 63. Kf2 Ke4 64. Ke2 Bc4+ 65. Kd2 Kf3 66. Bc5 Ke4 67. Kc3 Bf1 68. Bg1 Kf4 69. Bc5 e4 70. Kd2 Kf3 71. Bd4 Bc4 72. Bc5 Bd3 73. Bd4 Be2 74. Bc5 Bc4 75. Bd4 b4 76. axb4 a3 77. Kc1 Ke2 78. Kc2 e3 79. b5 Bxb5 1/2-1/2

[Event "Saarland-ch MB 89th"]
[Site "Stennweiler"]
[Date "2014.04.15"]
[Round "5"]
[White "Wolf, Ulrich1111"]
[Black "Gietzen, Daniel"]
[Result "1-0"]
[WhiteElo "2042"]
[BlackElo "1873"]
[PlyCount "113"]
[EventDate "2014.04.11"]
[EventType "swiss"]
[EventRounds "9"]
[EventCountry "GER"]
[SourceTitle "EXT 2016"]
[Source "ChessBase"]
[SourceDate "2015.10.08"]
[SourceVersion "1"]
[SourceVersionDate "2015.10.08"]
[SourceQuality "1"]

1. d4 Nf6 2. c4 g6 3. Nc3 Bg7 4. e4 0-0 5. Bg5 d6 6. Bd3 Nc6 7. d5 Ne5 8. Be2 c6 9. f4 Neg4 10. h3 Ne3 11. Qd2 Nxg2+ 12. Kf1 Nxf4 13. Bxf4 Ne8 14. Nf3 e5 15. Bg5 Qc7 16. Kf2 f5 17. Rag1 fxe4 18. Nxe4 Bf5 19. Bd3 Qd7 20. Rg3 cxd5 21. cxd5 Qa4 22. Nc3 Qb4 23. a3 Qb6+ 24. Be3 Qd8 25. Kg2 Qe7 26. Bg5 Qc7 27. h4 Nf6 28. Bxf5 gxf5 29. Bxf6 Rxf6 30. Ng5 f4 31. Rg4 h5 32. Ne6 Rxe6 33. Rg5 Rh6 34. Rg1 Kf7 35. Kf3 Bf6 36. Qg2 Qb6 37. Rg7+ Kf8 38. Rg8+ Kf7 39. Ke4 Qxg1 40. Qxg1 Rxg8 41. Qxa7 Bxh4 42. Qxb7+ Be7 43. Qd7 Rgg6 44. Nb5 Rf6 45. Na7 f3 46. Nc6 Rf4+ 47. Ke3 Rhf6 48. Kf2 e4 49. Qxe7+ Kg6 50. Nd4 Rg4 51. Ne6 e3+ 52. Kxe3 f2 53. Qg7+ Kf5 54. Qh7+ Ke5 55. Qxh5+ Rf5 56. Qxg4 f1Q 57. Qd4# 1-0

[Event "Saarland-ch MB 89th"]
[Site "Stennweiler"]
[Date "2014.04.14"]
[Round "4"]
[White "Gietzen, Daniel"]
[Black "Sadjjadi, Said"]
[Result "1-0"]
[WhiteElo "1873"]
[BlackElo "2018"]
[PlyCount "110"]
[EventDate "2014.04.11"]
[EventType "swiss"]
[EventRounds "9"]
[EventCountry "GER"]
[SourceTitle "EXT 2016"]
[Source "ChessBase"]
[SourceDate "2015.10.08"]
[SourceVersion "1"]
[SourceVersionDate "2015.10.08"]
[SourceQuality "1"]

1. c4 e5 2. Nc3 f5 3. g3 Nf6 4. Bg2 c6 5. e3 Bb4 6. Nge2 0-0 7. a3 Ba5 8. b4 Bc7 9. Qb3 e4 10. Bb2 Ng4 11. 0-0 Ne5 12. d4 exd3 13. Nd4 d6 14. Rad1 Qe7 15. h3 Nbd7 16. f4 Ng6 17. Rxd3 Nf6 18. e4 fxe4 19. Re3 c5 20. Ndb5 a6 21. Nxc7 Qxc7 22. Nxe4 Nxe4 23. Rxe4 Bf5 24. Re3 Qd7 25. Rfe1 Bxh3 26. Bd5+ Kh8 27. Qc3 Rf6 28. Qd2 Rff8 29. Qc3 Rf6 30. Qxf6 gxf6 31. Bxf6+ Qg7 32. Bxg7+ Kxg7 33. bxc5 dxc5 34. Bxb7 Ra7 35. Bd5 Kf6 36. Be6 Bf5 37. Kf2 h5 38. Kf3 Rc7 39. Bxf5 Kxf5 40. Rd1 Rc6 41. Rd5+ Kf6 42. Rxh5 a5 43. Rh6 Kg7 44. Rh2 a4 45. Rb2 Kf6 46. Rb7 Nf8 47. g4 Ne6 48. Ra7 Nd4+ 49. Kg3 Nc2 50. g5+ Kg6 51. Rc3 Nd4 52. Kg4 Nf5 53. Rxa4 Re6 54. Ra5 Rc6 55. Rd3 Nd4 1-0

[Event "Saarland-ch A"]
[Site "Schiffweiler"]
[Date "2009.04.10"]
[Round "8"]
[White "Gietzen, Daniel"]
[Black "Steinberg, Ruediger"]
[Result "1-0"]
[WhiteElo "1901"]
[BlackElo "1795"]
[PlyCount "65"]
[EventDate "2009.04.03"]
[EventType "swiss"]
[EventRounds "9"]
[EventCountry "GER"]
[SourceTitle "EXT 2012"]
[Source "ChessBase"]
[SourceDate "2011.11.24"]
[SourceVersion "1"]
[SourceVersionDate "2011.11.24"]
[SourceQuality "1"]

1. c4 Nf6 2. Nc3 e5 3. Nf3 d6 4. g3 Be6 5. d3 Nbd7 6. Bg2 c6 7. 0-0 Be7 8. Ng5 Qb6 9. Nxe6 fxe6 10. b3 0-0 11. Be3 Qa5 12. Qc2 d5 13. Bd2 Qc7 14. Rab1 Rfe8 15. b4 a5 16. bxa5 Ra6 17. cxd5 cxd5 18. Rfc1 Rc8 19. Qb2 Nc5 20. Nb5 Qd7 21. Qxe5 Ng4 22. Qd4 Nf6 23. Qb2 b6 24. d4 Nce4 25. Rxc8+ Qxc8 26. Rc1 Qf8 27. f4 Nxd2 28. Qxd2 bxa5 29. Nc7 Bb4 30. Qd3 Rb6 31. f5 Qe7 32. fxe6 Rxe6 33. Nxd5 1-0

[Event "Saarland-ch A"]
[Site "Schiffweiler"]
[Date "2009.04.05"]
[Round "3"]
[White "Marburger, Martin"]
[Black "Gietzen, Daniel"]
[Result "1/2-1/2"]
[WhiteElo "1684"]
[BlackElo "1901"]
[PlyCount "68"]
[EventDate "2009.04.03"]
[EventType "swiss"]
[EventRounds "9"]
[EventCountry "GER"]
[SourceTitle "EXT 2012"]
[Source "ChessBase"]
[SourceDate "2011.11.24"]
[SourceVersion "1"]
[SourceVersionDate "2011.11.24"]
[SourceQuality "1"]

1. e4 c5 2. Nf3 Nc6 3. d4 cxd4 4. Nxd4 e6 5. Nb5 d6 6. Be3 a6 7. N5c3 Nf6 8. Bd3 Be7 9. Nd2 b5 10. 0-0 Bb7 11. Ne2 Ne5 12. h3 d5 13. exd5 Nxd5 14. Bd4 Nxd3 15. cxd3 Nb4 16. Ne4 Qd5 17. Bxg7 Rg8 18. Nf4 Qf5 19. Bh6 e5 20. Qh5 Qxh5 21. Nxh5 Rg6 22. Bg7 f5 23. Neg3 Nxd3 24. f3 Nf4 25. Bxe5 Nxh5 26. Nxh5 Kf7 27. Rac1 Rag8 28. Nf4 Rc6 29. Rxc6 Bxc6 30. Kf2 Bc5+ 31. Ke2 Re8 32. Nd3 Bd4 33. f4 Bxg2 34. Rc1 Bb6 1/2-1/2

[Event "Saarland-ch A"]
[Site "Schiffweiler"]
[Date "2009.04.03"]
[Round "1"]
[White "Gietzen, Daniel"]
[Black "Frischmann, Rick"]
[Result "1/2-1/2"]
[WhiteElo "1901"]
[BlackElo "1675"]
[PlyCount "46"]
[EventDate "2009.04.03"]
[EventType "swiss"]
[EventRounds "9"]
[EventCountry "GER"]
[SourceTitle "EXT 2012"]
[Source "ChessBase"]
[SourceDate "2011.11.24"]
[SourceVersion "1"]
[SourceVersionDate "2011.11.24"]
[SourceQuality "1"]

1. c4 Nf6 2. Nc3 g6 3. g3 Bg7 4. Bg2 0-0 5. e3 d6 6. Nge2 Nbd7 7. d4 c5 8. 0-0 a6 9. a4 Rb8 10. a5 b6 11. axb6 Qxb6 12. Na4 Qc7 13. Qc2 Bb7 14. d5 e6 15. e4 exd5 16. exd5 Rfe8 17. Re1 Nb6 18. Nxb6 Qxb6 19. Bd2 Bc8 20. Bc3 Bf5 21. Qa4 Ra8 22. Nf4 Rxe1+ 23. Rxe1 Nd7 1/2-1/2

[Event "Saarland-ch A"]
[Site "Eppelborn"]
[Date "2008.03.22"]
[Round "9"]
[White "Gietzen, Daniel"]
[Black "Grewenig, Paul"]
[Result "0-1"]
[WhiteElo "1901"]
[BlackElo "1762"]
[PlyCount "54"]
[EventDate "2008.03.14"]
[EventType "swiss"]
[EventRounds "9"]
[EventCountry "GER"]
[SourceTitle "EXT 2010"]
[Source "ChessBase"]
[SourceDate "2010.11.25"]
[SourceVersion "1"]
[SourceVersionDate "2010.11.25"]
[SourceQuality "1"]

1. e4 c5 2. Nf3 Nc6 3. d4 cxd4 4. Nxd4 g6 5. c3 Bg7 6. Be3 Nf6 7. Nd2 0-0 8. Be2 d5 9. Nxc6 bxc6 10. e5 Nd7 11. f4 c5 12. Nf3 e6 13. 0-0 Qa5 14. a3 c4 15. Nd4 Bh6 16. h4 Nxe5 17. h5 Bd7 18. Kf2 Nc6 19. Rh1 Bg7 20. hxg6 fxg6 21. Bf3 Rab8 22. Rb1 Nxd4 23. Bxd4 Rxf4 24. Be3 Rf7 25. Rh2 Qc7 26. Qh1 Be5 27. Rh3 Ba4 0-1

[Event "Saarland-ch A"]
[Site "Eppelborn"]
[Date "2008.03.17"]
[Round "5"]
[White "Gietzen, Daniel"]
[Black "Wild, Achim"]
[Result "1/2-1/2"]
[WhiteElo "1901"]
[BlackElo "1870"]
[PlyCount "68"]
[EventDate "2008.03.14"]
[EventType "swiss"]
[EventRounds "9"]
[EventCountry "GER"]
[SourceTitle "EXT 2010"]
[Source "ChessBase"]
[SourceDate "2010.11.25"]
[SourceVersion "1"]
[SourceVersionDate "2010.11.25"]
[SourceQuality "1"]

1. e4 c5 2. Nf3 Nc6 3. d4 cxd4 4. Nxd4 Nf6 5. Nc3 e5 6. Nxc6 bxc6 7. Bg5 Be7 8. Bd3 0-0 9. Qf3 Bb7 10. Rd1 Qc7 11. Bc4 d6 12. Bb3 Rad8 13. 0-0 Bc8 14. h3 h6 15. Be3 Nh7 16. Qg3 Kh8 17. f4 exf4 18. Bxf4 Be6 19. Rd3 Nf6 20. Qe3 Qb6 21. Rfd1 Ne8 22. Kh1 g5 23. Bg3 Qxe3 24. Rxe3 h5 25. Red3 g4 26. Bf2 a6 27. Ne2 h4 28. Nf4 Ng7 29. Bd4 Bxb3 30. axb3 g3 31. Nh5 f6 32. Nf4 Kh7 33. Bb6 Rc8 34. c4 f5 1/2-1/2

[Event "Saarland-ch A"]
[Site "Saarlouis Steinrausch"]
[Date "2005.03.21"]
[Round "4"]
[White "Gietzen, Daniel"]
[Black "Lukas, Hubertus"]
[Result "1-0"]
[WhiteElo "1668"]
[BlackElo "1691"]
[PlyCount "145"]
[EventDate "2005.03.18"]
[EventType "swiss"]
[EventRounds "9"]
[EventCountry "GER"]
[SourceTitle "EXT 2012"]
[Source "ChessBase"]
[SourceDate "2011.11.24"]
[SourceVersion "1"]
[SourceVersionDate "2011.11.24"]
[SourceQuality "1"]

1. e4 a6 2. d4 b5 3. c3 Bb7 4. Bd3 g6 5. Nf3 Bg7 6. 0-0 d6 7. Re1 Nd7 8. Be3 Rc8 9. a4 bxa4 10. Rxa4 Ngf6 11. Nbd2 0-0 12. Bxa6 Bxa6 13. Rxa6 c5 14. e5 dxe5 15. dxe5 Nd5 16. e6 Nb8 17. exf7+ Rxf7 18. Ra1 h6 19. Ne4 Nxe3 20. Rxe3 Qb6 21. Qc2 Nd7 22. Ned2 Nf8 23. Nc4 Qc7 24. Nce5 Rf6 25. Rae1 e6 26. Nh4 g5 27. Nhg6 Qb7 28. Nxf8 Rcxf8 29. Rf3 Rxf3 30. Nxf3 Rxf3 31. gxf3 Qxf3 32. Qe2 Qxe2 33. Rxe2 Kf7 34. b4 Bxc3 35. bxc5 Ke7 36. Kg2 Bd4 37. Rc2 Be5 38. h3 Bc7 39. Kf3 h5 40. Ke4 h4 41. Ra2 Bf4 42. Ra7+ Kd8 43. Rf7 Bh2 44. Kf3 Be5 45. c6 Bc3 46. Kg4 Ke8 47. Rh7 Kd8 48. Kxg5 Be1 49. Rf7 Ke8 50. Kg6 Kd8 51. Kf6 Bxf2 52. Kxe6 Bg3 53. Rd7+ Kc8 54. Rh7 Be1 55. Kf5 Bf2 56. Kg4 Be1 57. Rxh4 Kc7 58. Rh6 Bd2 59. Rg6 Bc3 60. h4 Be5 61. h5 Kd8 62. Kf5 Bc3 63. Ke6 Kc7 64. Kd5 Ba1 65. h6 Kb6 66. h7 Bc3 67. Rg8 Kb5 68. Ke6 Kc4 69. Kd7 Kb5 70. c7 Ba5 71. c8Q Bb6 72. h8Q Bc5 73. Qh5 1-0

[Event "Saarland-ch A"]
[Site "Saarlouis Steinrausch"]
[Date "2005.03.20"]
[Round "3"]
[White "Spektorov, Leonid"]
[Black "Gietzen, Daniel"]
[Result "1-0"]
[WhiteElo "1767"]
[BlackElo "1668"]
[PlyCount "39"]
[EventDate "2005.03.18"]
[EventType "swiss"]
[EventRounds "9"]
[EventCountry "GER"]
[SourceTitle "EXT 2012"]
[Source "ChessBase"]
[SourceDate "2011.11.24"]
[SourceVersion "1"]
[SourceVersionDate "2011.11.24"]
[SourceQuality "1"]

1. d4 f5 2. c4 Nf6 3. Nc3 g6 4. Bf4 Bg7 5. Qd2 d6 6. Nf3 c6 7. Bh6 0-0 8. Bxg7 Kxg7 9. h4 Nh5 10. 0-0-0 a6 11. e4 e6 12. Be2 b5 13. Ng5 bxc4 14. Bxh5 gxh5 15. Qe2 Qe8 16. Rhe1 f4 17. Qxc4 Bd7 18. d5 cxd5 19. exd5 e5 20. Qb4 1-0

[Event "Saarland-ch A"]
[Site "Saarlouis Steinrausch"]
[Date "2005.03.19"]
[Round "2"]
[White "Gietzen, Daniel"]
[Black "Waschke, Klaus Dieter"]
[Result "1-0"]
[WhiteElo "1668"]
[BlackElo "1772"]
[PlyCount "65"]
[EventDate "2005.03.18"]
[EventType "swiss"]
[EventRounds "9"]
[EventCountry "GER"]
[SourceTitle "EXT 2012"]
[Source "ChessBase"]
[SourceDate "2011.11.24"]
[SourceVersion "1"]
[SourceVersionDate "2011.11.24"]
[SourceQuality "1"]

1. e4 e6 2. d3 d5 3. Qe2 Nf6 4. Nf3 Be7 5. g3 c5 6. Bg2 Nc6 7. 0-0 0-0 8. Re1 dxe4 9. dxe4 e5 10. c3 Bg4 11. Nbd2 Qc7 12. Nc4 b5 13. Ne3 c4 14. h3 Bh5 15. Nd5 Qd8 16. Rd1 Nd7 17. a4 bxa4 18. Rxa4 Kh8 19. Be3 Bc5 20. Rxc4 Bxe3 21. Nxe3 Rc8 22. Rd6 Na5 23. Rxc8 Qxc8 24. Qb5 Nc5 25. Qxa5 Nxe4 26. Rd5 f6 27. Nd2 Ng5 28. Qc5 Qb8 29. Qa3 Bf7 30. Rd7 Be6 31. Rxa7 e4 32. Nxe4 Nxh3+ 33. Kh2 1-0

[Event "Saarlouis op 7th"]
[Site "Saarlouis"]
[Date "2004.05.23"]
[Round "7"]
[White "Gietzen, Daniel"]
[Black "Schwarz, Karsten"]
[Result "1/2-1/2"]
[WhiteElo "1611"]
[BlackElo "1935"]
[PlyCount "102"]
[EventDate "2004.05.19"]
[EventType "swiss"]
[EventRounds "7"]
[EventCountry "GER"]
[SourceTitle "EXT 2006"]
[Source "ChessBase"]
[SourceDate "2005.11.24"]
[SourceVersion "1"]
[SourceVersionDate "2005.11.24"]
[SourceQuality "1"]

1. e4 d5 2. exd5 Qxd5 3. Nc3 Qa5 4. d4 Nf6 5. Bd2 c6 6. Nf3 Bf5 7. g3 e6 8. Bg2 Nbd7 9. 0-0 Be7 10. Re1 Bg4 11. Qc1 Bxf3 12. Bxf3 Qf5 13. Bg2 Bd6 14. Nd1 Nb6 15. Ne3 Qg6 16. c4 Be7 17. c5 Nbd5 18. Nc4 Rd8 19. Ne5 Qf5 20. b4 Ng4 21. Nxg4 Qxg4 22. Re4 Qg6 23. Qb2 0-0 24. Rae1 a6 25. a4 Bf6 26. R4e2 Qd3 27. Be3 Qc4 28. Bxd5 Rxd5 29. Rd2 Rd7 30. Rc1 Qd5 31. b5 axb5 32. axb5 Rfd8 33. bxc6 Qxc6 34. Rcd1 g6 35. Qb3 h5 36. h4 Qf3 37. Qc4 Qg4 38. Kf1 e5 39. Qe2 Qxe2+ 40. Rxe2 exd4 41. Bf4 Rd5 42. Bd6 b6 43. Bc7 bxc5 44. Bxd8 Bxd8 45. Re8+ Kg7 46. Rc1 d3 47. Rxc5 Rd7 48. Rc1 d2 49. Rd1 Ba5 50. Ra8 Rd5 51. Rxa5 Rxa5 1/2-1/2

[Event "Saarlouis op 7th"]
[Site "Saarlouis"]
[Date "2004.05.20"]
[Round "3"]
[White "Gietzen, Daniel"]
[Black "Becker, Jonas"]
[Result "1-0"]
[WhiteElo "1611"]
[BlackElo "1321"]
[PlyCount "63"]
[EventDate "2004.05.19"]
[EventType "swiss"]
[EventRounds "7"]
[EventCountry "GER"]
[SourceTitle "EXT 2006"]
[Source "ChessBase"]
[SourceDate "2005.11.24"]
[SourceVersion "1"]
[SourceVersionDate "2005.11.24"]
[SourceQuality "1"]

1. e4 g6 2. d4 Bg7 3. f4 f6 4. Nf3 Nh6 5. Bc4 e6 6. 0-0 0-0 7. Nc3 c6 8. h3 d5 9. Bb3 Nf7 10. Be3 Na6 11. Qe2 Nc7 12. Rae1 Re8 13. e5 b5 14. exf6 Bxf6 15. Qd2 a5 16. a3 Nd6 17. Ne5 Bxe5 18. fxe5 Nf5 19. Bg5 Qd7 20. Ne2 Bb7 21. c3 Rec8 22. Bc2 Kh8 23. Bf6+ Kg8 24. Qg5 Ne8 25. g4 Nfg7 26. Rf3 Kh8 27. Ref1 Nc7 28. Nf4 Rf8 29. Nxg6+ Kg8 30. Ne7+ Kf7 31. Bxg7+ Ke8 32. Rxf8# 1-0

[Event "Saarlouis op 6th"]
[Site "Saarlouis"]
[Date "2003.06.01"]
[Round "7"]
[White "Schefer, Waldemar"]
[Black "Gietzen, Daniel"]
[Result "0-1"]
[WhiteElo "1753"]
[BlackElo "1509"]
[PlyCount "156"]
[EventDate "2003.05.??"]
[EventType "swiss"]
[EventRounds "7"]
[EventCountry "GER"]
[SourceTitle "EXT 2006"]
[Source "ChessBase"]
[SourceDate "2005.11.24"]
[SourceVersion "1"]
[SourceVersionDate "2005.11.24"]
[SourceQuality "1"]

1. d4 f5 2. Nf3 Nf6 3. Bf4 g6 4. e3 Bg7 5. Bc4 e6 6. Nbd2 0-0 7. Bb3 d6 8. 0-0 Nc6 9. Re1 Bd7 10. c3 Na5 11. Bc2 a6 12. Bg5 h6 13. Bh4 Qe8 14. e4 Qf7 15. exf5 gxf5 16. Bg3 Kh8 17. Nh4 Rg8 18. Ndf3 Nh5 19. Qc1 Bf8 20. Bf4 Qg7 21. Kh1 Be7 22. Bxh6 Qf6 23. Bd2 Bc6 24. Rg1 Rg4 25. Bd3 b5 26. c4 Nxc4 27. Bxc4 bxc4 28. Bc3 Bd5 29. Bd2 Rag8 30. Ba5 Kh7 31. Bxc7 Rxh4 32. Nxh4 Qxh4 33. Qe1 Nf4 34. f3 Qh5 35. Qd2 Nh3 36. Raf1 Nxg1 37. Kxg1 Bg5 38. Qf2 Qh6 39. Re1 Bh4 40. g3 Be7 41. Ba5 Qh5 42. Re3 f4 43. Re2 fxg3 44. hxg3 Qh3 45. Qh2 Rxg3+ 46. Rg2 Rxg2+ 47. Qxg2 Qxg2+ 48. Kxg2 Kg6 49. Kf2 Bg5 50. Bb4 Bf4 51. Ba5 c3 52. Bxc3 Bxa2 53. b4 Bc4 54. Kg2 Bd3 55. Kh3 Bf5+ 56. Kh4 Kf7 57. Kh5 Ke7 58. Be1 Kd7 59. Kh4 Kc6 60. Bg3 Bxg3+ 61. Kxg3 d5 62. Kf4 Kb5 63. Ke3 Kxb4 64. Kd2 Kb3 65. Kc1 a5 66. f4 a4 67. Kd2 Kb2 68. Ke2 a3 69. Kf2 a2 70. Kg3 a1Q 71. Kf2 Kc2 72. Ke3 Qe1+ 73. Kf3 Qe4+ 74. Kg3 Kd2 75. Kf2 Qe3+ 76. Kg2 Ke2 77. Kh1 Kf2 78. Kh2 Qh3# 0-1

[Event "Saarlouis op 6th"]
[Site "Saarlouis"]
[Date "2003.05.31"]
[Round "5"]
[White "Gietzen, Daniel"]
[Black "Moews, Thomas"]
[Result "0-1"]
[WhiteElo "1509"]
[BlackElo "1722"]
[PlyCount "58"]
[EventDate "2003.05.??"]
[EventType "swiss"]
[EventRounds "7"]
[EventCountry "GER"]
[SourceTitle "EXT 2006"]
[Source "ChessBase"]
[SourceDate "2005.11.24"]
[SourceVersion "1"]
[SourceVersionDate "2005.11.24"]
[SourceQuality "1"]

1. e4 e5 2. d4 exd4 3. Qxd4 Nc6 4. Qe3 d6 5. Nc3 Be6 6. Bb5 Qd7 7. Nf3 a6 8. Bd3 0-0-0 9. 0-0 f5 10. a3 Nf6 11. b4 Ng4 12. Qe2 fxe4 13. Nxe4 Bf5 14. b5 axb5 15. Bxb5 Re8 16. Nfd2 d5 17. f3 Nh6 18. Qf2 dxe4 19. Nxe4 Qd5 20. c4 Qe6 21. Bg5 Bxe4 22. fxe4 Ng4 23. Qd2 Bc5+ 24. Kh1 h6 25. Bh4 g5 26. Bg3 Rd8 27. Qc2 h5 28. Qa4 Na7 29. Rfd1 h4 0-1

[Event "Saarlouis op 6th"]
[Site "Saarlouis"]
[Date "2003.05.29"]
[Round "3"]
[White "Vierroth, Hans"]
[Black "Gietzen, Daniel"]
[Result "1-0"]
[WhiteElo "1759"]
[BlackElo "1509"]
[PlyCount "97"]
[EventDate "2003.05.??"]
[EventType "swiss"]
[EventRounds "7"]
[EventCountry "GER"]
[SourceTitle "EXT 2006"]
[Source "ChessBase"]
[SourceDate "2005.11.24"]
[SourceVersion "1"]
[SourceVersionDate "2005.11.24"]
[SourceQuality "1"]

1. d4 f5 2. c4 Nf6 3. Nf3 g6 4. g3 Bg7 5. Nc3 0-0 6. Bg2 d6 7. b4 c6 8. Bb2 Qc7 9. 0-0 e5 10. e3 e4 11. Nd2 Nbd7 12. f3 d5 13. Rc1 Qd8 14. Qb3 Nb6 15. fxe4 dxe4 16. a4 a5 17. b5 Be6 18. Ba3 Re8 19. Rf2 Ng4 20. Re2 h5 21. h3 Nf6 22. Rb1 Rb8 23. Bc5 Qc7 24. bxc6 Nxc4 25. Nxc4 bxc6 26. Qa2 Qf7 27. d5 Bxd5 28. Nxd5 Rxb1+ 29. Qxb1 Qxd5 30. Nd6 Rd8 31. Nb7 Rd7 32. Bd4 Qc4 33. Rc2 Qf7 34. Nxa5 Nd5 35. Nxc6 Rb7 36. Qa2 Rc7 37. Bf1 Bxd4 38. exd4 f4 39. Bc4 Kh7 40. Bxd5 Qf5 41. Be6 Qg5 42. g4 f3 43. Rc5 Qh4 44. Qf2 Qf6 45. gxh5 Rg7 46. hxg6+ Rxg6+ 47. Bg4 Kg7 48. Ne5 Rg5 49. h4 1-0

[Event "GER Cup Amateur GrC 1st"]
[Site "Voelklingen"]
[Date "2000.10.14"]
[Round "9"]
[White "Gietzen, Daniel"]
[Black "Bruene, Gerhard"]
[Result "1/2-1/2"]
[WhiteElo "1000"]
[BlackElo "1345"]
[PlyCount "48"]
[EventDate "2000.10.??"]
[EventType "swiss"]
[EventRounds "9"]
[EventCountry "GER"]
[SourceTitle "EXT 2004"]
[Source "ChessBase"]
[SourceDate "2003.11.25"]
[SourceVersion "1"]
[SourceVersionDate "2003.11.25"]
[SourceQuality "1"]

1. e4 c5 2. Nf3 Nc6 3. d4 cxd4 4. Nxd4 d6 5. Nc3 Nf6 6. Bg5 e5 7. Ndb5 a6 8. Bxf6 gxf6 9. Na3 b5 10. Nd5 f5 11. f3 fxe4 12. g3 Bg7 13. fxe4 0-0 14. Qd2 Be6 15. Bg2 Rb8 16. 0-0-0 Nd4 17. c3 Bxd5 18. exd5 Nf5 19. Kb1 a5 20. Nc2 Qb6 21. a3 Qc5 22. g4 Ne7 23. h4 f6 24. h5 h6 1/2-1/2

[Event "GER Cup Amateur GrC 1st"]
[Site "Voelklingen"]
[Date "2000.10.13"]
[Round "8"]
[White "Gietzen, Daniel"]
[Black "Cara, Bogdan"]
[Result "1-0"]
[WhiteElo "1000"]
[BlackElo "1331"]
[PlyCount "95"]
[EventDate "2000.10.??"]
[EventType "swiss"]
[EventRounds "9"]
[EventCountry "GER"]
[SourceTitle "EXT 2004"]
[Source "ChessBase"]
[SourceDate "2003.11.25"]
[SourceVersion "1"]
[SourceVersionDate "2003.11.25"]
[SourceQuality "1"]

1. e4 e6 2. d4 d5 3. Nd2 c5 4. Ngf3 Nc6 5. Bb5 cxd4 6. Nxd4 Qb6 7. N2b3 Bd7 8. exd5 exd5 9. Be3 Nxd4 10. Bxd7+ Kxd7 11. Bxd4 Qc7 12. 0-0 b6 13. Qg4+ Kc6 14. Bxg7 h5 15. Qa4+ Kb7 16. Bxh8 f6 17. Qd4 Qf7 18. Rfd1 Rd8 19. c4 Be7 20. cxd5 Nh6 21. Bxf6 Bxf6 22. Qe4 Bxb2 23. d6+ Kb8 24. Rab1 Ba3 25. d7 Rxd7 26. Rxd7 Qxd7 27. Qf4+ Qd6 28. Qxd6+ Bxd6 29. Rd1 Nf5 30. Nd4 Nxd4 31. Rxd4 Kc7 32. h4 Kc6 33. Rc4+ Kb5 34. Rc8 Ka4 35. Kf1 Ka3 36. Rc2 b5 37. Ke2 b4 38. Kd3 b3 39. axb3 Kxb3 40. Rc6 Bb4 41. Rh6 a5 42. Rxh5 a4 43. Rh8 a3 44. Ra8 a2 45. h5 Kb2 46. h6 Bf8 47. h7 Bg7 48. g4 1-0